[Event "Bundesliga 9900"]
[Site "Germany"]
[Date "2000.01.29"]
[Round "8.4"]
[White "Pelletier, Yannick"]
[Black "Gallagher, Joseph G"]
[Result "1/2-1/2"]
[WhiteElo "2478"]
[BlackElo "2558"]
[Annotator "Pelletier,Y"]
[PlyCount "54"]
[EventDate "1999.10.09"]
[EventType "team-tourn"]
[EventRounds "15"]
[EventCountry "GER"]
[SourceTitle "CBM 074 Extra"]
[Source "ChessBase"]
[SourceDate "2000.03.10"]
[SourceVersion "2"]
[SourceVersionDate "2000.03.10"]
[SourceQuality "1"]
[WhiteTeam "Werder Bremen"]
[BlackTeam "Castrop Rauxel"]
[WhiteTeamCountry "GER"]
[BlackTeamCountry "GER"]

1. d4 Nf6 2. c4 g6 3. Nc3 Bg7 4. e4 d6 5. f3 O-O 6. Be3 Nbd7 7. Nge2 c5 8. d5
Ne5 9. Ng3 e6 10. Be2 exd5 11. cxd5 a6 12. a4 h5 13. O-O Nh7 14. Qd2 Re8 ({
Häufiger geschieht} 14... h4 15. Nh1 f5 16. Nf2 {und nun gelten} Qf6 {,} (16...
Re8) ({und} 16... Bd7 {als die besten Fortsetzungen.})) 15. Bh6 $6 {Ich wollte
die Initiative im Zentrum und am Königsflügel ergreifen, doch dies ist im
Moment nicht keine richtige Idee.} ({Zuerst berücksichtigte ich die Möglichkeit
} 15. f4 $6 Ng4 16. Bxg4 Bxg4 17. e5 ({oder} 17. f5 h4 {und es gibt im
Gegensatz zur Partie keinen Qf4 mehr. Aus diesem Grund habe ich 15.Bh6
gespielt.}) 17... h4 18. Nge4 {, aber Schwarz steht nach z.B.} dxe5 19. Bxc5
Bh6 $5 {sehr bequem.}) ({Als ich später in meine Datenbank durchsuchte fand
ich eine Partie von Klaus Bischoff, die mir sehr gefiel:} 15. a5 h4 16. Nh1 f5
17. Nf2 Nf7 18. Bd1 b5 $6 19. axb6 Qxb6 20. Rb1 Ne5 21. Be2 Qc7 22. Rfc1 Qe7
23. b4 g5 24. Qd1 f4 25. Bd2 cxb4 26. Rxb4 Rf8 27. Na4 g4 28. Nb6 gxf3 29. gxf3
Rb8 30. Nxc8 Rbxc8 31. Rxc8 Rxc8 32. Bxf4 {und Weiss gewann (K.Bischoff-Troyke,
Dresden 1994).}) 15... Bh8 ({Nach dem positionnell gesunden} 15... h4 16. Nh1
g5 17. Bxg7 Kxg7 {stellt sich die Frage, ob Weiss die gegnerische Blockade auf
den dunklen Feldern zulassen soll, oder mittels 18.f4 dagegen direkt reagieren
soll. Meiner Meinung nach ist} 18. a5 ({besser als} 18. f4 gxf4 19. Rxf4 Qg5 $1
) {Nach} 18... Ng6 19. Rfb1 Nf4 20. Bf1 {darf Weiss auf einen leichten Vorteil
hoffen.}) 16. f4 Ng4 17. Bxg4 Bxg4 (17... hxg4 $6 18. f5 g5 19. Nh5 Bd4+ 20.
Kh1 $16 {war angesichts der Anfälligkeit des Bauern g4 schlecht.}) 18. f5 $6 {
[%csl Rg4]} h4 $2 ({Nach der Partie tadelte Joe seinen Zug und gab} 18... Bd4+
{den Vorzug. Doch nach} 19. Kh1 Qh4 (19... g5 20. f6 $13) 20. fxg6 (20. Bf4 Re5
$5) 20... fxg6 21. Qf4 Be5 22. Qf7+ Kh8 23. Bf4 Bxf4 24. Qxf4 (24. Rxf4 $6 Qg5)
24... Qe7 25. h3 Bd7 26. e5 $5 {[%csl Rd6,Ge4][%cal Yg3e4,Ye4d6]} Qxe5 (26...
dxe5 27. Qe3 $44) 27. Nge4 {gewinnt Weiss den Bauern zurück und besitzt die
besseren Chancen in diesem Endspiel.}) ({Eine starke von beiden Spielern
übersehene Möglichkeit bestand in} 18... g5 $1 {[%csl Rh6] , wonach Weiss, um
seinen Bh6 retten zu können einen Bauern mittels} 19. f6 {opfer muss.} (19. h3
Bd4+ 20. Kh1 Qf6 $1 21. hxg4 hxg4 {[%csl Rh1][%cal Yf6h6,Yh6h1]}) ({und} 19. e5
Rxe5 20. f6 Bxf6 {sind praktisch hoffnungslos!}) {Nach} 19... h4 20. Nf5 (20.
h3 hxg3 21. hxg4 Bxf6) 20... Qxf6 21. Ne3 Qd4 $1 {[%cal Gd4g1]} (21... Qxh6 22.
Nxg4 Qg6 23. Rf5 $44) 22. Qf2 Qxe3 23. Qxe3 Bd4 {hat Schwarz grossen Vorteil.
Diese Variante ist der Beweis, dass die mit 15.Bh6 von Weiss eingeleitete
Strategie falsch war.}) 19. Qf4 $1 {[%cal Gf1f7] Diesen Zwischenzug hatte Joe
übersehen. Der weisse Angriff wird nun stark.} g5 (19... hxg3 20. fxg6 (20.
Qxg4 gxh2+ 21. Kh1 g5 22. f6 Re5) 20... gxh2+ 21. Kh1 $16) ({und} 19... Bd4+
20. Kh1 Nf6 21. fxg6 fxg6 22. Qg5 {sind schlechter.}) 20. Qxg4 Bd4+ 21. Kh1 Qf6
(21... hxg3 22. h4) 22. Qh5 $1 {Kräftiger als} (22. Nge2 Qxh6) ({oder} 22. Nh5
Qxh6 23. f6 Bxf6) 22... hxg3 (22... Bxc3 23. bxc3 hxg3 24. Rae1 $5) 23. h4 $1 {
[%csl Gf1]} Bxc3 (23... gxh4 $2 24. Rf4 {entscheidet rasch.}) 24. hxg5 Nxg5 25.
Bxg5 $2 ({Ich berücksichtigte nur kurz} 25. bxc3 $1 {[%mdl 128]} Nxe4 26. Rf3
$1 {, denn ich konnte an die weissen Angriffschancen kaum glauben. Doch die
sind reel und stark, wobei der Bh6 sich plötzlich als sehr stark erweist.} (26.
Rf4 Nf2+) 26... Re5 (26... Qh8 27. Kg1 $1 {[%cal Rh8h1,Re4f2,Rf2h1] /\ Re1 +-})
27. Raf1 Qg6 $5 {Eine geistreiche Ressource, die trotzdem ungenügend ist.} (
27... Rae8 28. Rf4 Qg6 (28... Nf2+ 29. R1xf2) 29. Qh3 $18) 28. Qh4 Qf6 (28...
Qh7 29. Rf4 Kh8 30. Kg1 $1 Rg8 31. R1f3 $1 {(mit der Drohung Rxe4, Qf6 gefolgt
von Rxg3)} Ng5 32. Rxg3 f6 33. Bxg5 Rxg5 34. Rxg5 fxg5 35. Qxg5 $18) 29. Rxg3+
$1 Nxg3+ 30. Qxg3+ Kh7 (30... Kh8 31. Qh3 $18) 31. Bg5 Qg7 (31... Qh8 32. Rf4)
32. Rf4 Rh8 33. Rg4 $1 $18 Rxf5 $140 34. Qh3+ Kg8 35. Bh4) 25... Qh8 26. Qxh8+
Bxh8 27. Ra3 Rxe4 {(=)} ({Mit nur einigen Minuten auf seiner Uhr verzichtete
Joe auf einen Gewinnversuch. Nach} 27... Rxe4 28. Rxg3 Be5 29. Bf4+ Kf8 30.
Bxe5 Rxe5 31. f6 {[%csl Rf8] besitzt Weiss genügende Aktivität für die
zersplitterte Bauerstruktur.}) 1/2-1/2

[Event "Zuerich op-A 23th"]
[Site "Zuerich"]
[Date "1999.12.30"]
[Round "7"]
[White "Pelletier, Yannick"]
[Black "Jenni, Florian"]
[Result "1-0"]
[WhiteElo "2479"]
[BlackElo "2399"]
[Annotator "Pelletier,Y"]
[PlyCount "81"]
[EventDate "1999.12.26"]
[EventType "swiss"]
[EventRounds "7"]
[EventCountry "SUI"]
[SourceTitle "CBM 073 Extra"]
[Source "ChessBase"]
[SourceDate "2000.01.11"]
[SourceVersion "1"]
[SourceVersionDate "2000.01.11"]
[SourceQuality "1"]

1. d4 Nf6 2. c4 g6 3. Nc3 Bg7 4. e4 O-O 5. Be3 d6 6. f3 c5 7. Nge2 Nc6 8. d5
Ne5 9. Ng3 e6 10. Be2 exd5 11. cxd5 a6 12. a4 Bd7 (12... h5 {halte ich für der
bessere Zug.}) 13. h3 (13. O-O b5 {ist OK für Schwarz.}) 13... b5 14. f4 Nc4
15. Bxc4 bxc4 16. O-O Re8 ({Im Fall von} 16... Rb8 {ist die Wahl für die
weisse Dame grösser:} 17. Rf2 Rb3 (17... Rb4 18. e5) 18. Qf1 Qb8 (18... Rb4 19.
e5) 19. Qxc4 $16) 17. Qf3 h5 ({Geistreich war hier} 17... Rb8 {, wonach Weiss
am besten mit} 18. Rf2 ({und nicht} 18. e5 $6 Rxb2 $1 19. exf6 Bxf6 20. Nce4 (
20. Bf2 Rb3 21. Rac1 Qa5 22. Nce4 (22. Nge2 Bf5 $5 $36 (22... Rxe2 23. Qxe2
Bxc3 24. Qxc4 Bxa4)) 22... Rxf3 23. Nxf6+ Kh8 24. gxf3 Re7 $36) 20... Rb3 {
mit gefährlicher Initiative}) 18... Rb3 19. Rd1 $14 {reagiert.}) 18. e5 dxe5 ({
Nach} 18... Nh7 {ist Nenashev's Meinung nach} 19. Rad1 {besser als} (19. Nge4))
19. fxe5 Rxe5 20. Bf4 (20. Bxc5 {war ebenfalls vorteilhaft, aber der Textzug
gewinnt die Qualität.}) 20... Rf5 (20... Qe8 21. Bxe5 Qxe5 22. Nce4 Nxe4 23.
Qxf7+ Kh8 24. Nxe4 Qxe4 25. Qxd7 $18 {(xg6)}) 21. Nxf5 Bxf5 22. Be5 Qd7 ({Oder
} 22... Qb6 23. Rae1 (23. a5 Qxb2 24. Rab1 Qa3 25. Rb6 $140 $2 Nd7 26. Bxg7
Nxb6 27. axb6 Kxg7 28. Qg3 Re8 $17) 23... Re8 (23... Qxb2 $140 24. Nd1 Qb3 25.
Ne3 Re8 26. Nxf5 Qxf3 27. Rxf3 gxf5 28. Bxf6 Rxe1+ 29. Kf2 $18 {/\ Rg3}) 24.
Qf2 $16 Ne4 $140 $6 25. Rxe4 $18) 23. Kh1 Rd8 (23... h4 24. Rfe1 Nh5 25. Bxg7
Kxg7 26. Rad1 $16 {und der Ng3 wird nicht viel leisten können}) (23... Re8 24.
Rfe1 Qb7 25. Bxf6 Rxe1+ 26. Rxe1 Bxf6 27. g4 Bxc3 28. Re8+ Kh7 29. bxc3 $18)
24. Rad1 Qb7 $6 (24... h4 25. Rfe1 $16) 25. Qg3 $1 {[%csl Rc4,Rf6][%cal Gf1f6,
Yh4d8,Yg3h4,Yh4c4]} Kh7 $2 (25... Ne8 26. Bxg7 Nxg7 27. Qh4 Re8 28. Qxc4 Qxb2
29. d6 $16) 26. Qg5 (26. Qh4 $142 Qe7 27. Rde1 $18) 26... Qe7 27. Rde1 $6 ({
Stärker war} 27. Rxf5 $1 gxf5 28. Qxf5+ Kg8 29. d6 Qe6 30. Qg5 $18 {[%csl Rf6]
[%cal Yc3d5] /\ Nd5}) 27... Rd7 28. d6 Qe6 (28... Qd8 29. Rxf5 gxf5 30. Nd5
Rxd6 31. Qxf5+ Kg8 32. Bxd6 Qxd6 33. Nxf6+ Bxf6 34. Re8+ Kg7 35. Qxh5 $18) 29.
Qh4 ({Fritz zeigte danach} 29. g4 hxg4 30. Qh4+ $1 ({ich hatte mich mit} 30.
hxg4 $2 Nxg4 31. Bxg7 Qxd6 32. Re2 Kxg7 33. Rxf5 Qg3 $44 {begnügt}) 30... Nh5
31. Bxg7 Qxd6 32. Rxf5 $1 gxf5 33. Qxh5+ Kxg7 34. Qxf5 $18) 29... Rxd6 $8 30.
Bxd6 Qxd6 31. Qxc4 (31. Rxf5 gxf5 32. Qxc4 Kg6) 31... Bd3 32. Qxf7 (32. Rxf6 $2
{war meine erste Absicht, aber dann sah ich, dass es nach} Qg3 $1 {[%csl Rc4,
Re1,Rf6]} 33. Qxd3 $8 Qxd3 34. Rxf7 Kh6 {nicht leicht wäre.}) ({Gut war aber
auch} 32. Qf4 Qc6 33. Rf2 $18) 32... Bxf1 33. Rxf1 Qe5 34. Qc4 g5 $6 $138 35.
Qd3+ Kh6 (35... Kg8 36. Qxa6 h4 37. Qc8+) 36. Qe2 Qd4 (36... Qd6 37. Rf5 h4 38.
Qe3) 37. Qe6 Kh7 38. Qf5+ Kh6 39. Rd1 Qh4 40. Rd6 g4 41. Ne4 1-0

[Event "Novosibirsk"]
[Site "Novosibirsk"]
[Date "1993.??.??"]
[Round "1"]
[White "Goldin, Alexander"]
[Black "Pigusov, Evgeny"]
[Result "1-0"]
[WhiteElo "2555"]
[BlackElo "2575"]
[Annotator "Pigusov,E"]
[PlyCount "80"]
[EventDate "1993.06.??"]
[EventType "tourn"]
[EventRounds "11"]
[EventCountry "RUS"]
[EventCategory "14"]
[SourceTitle "CBM 036"]
[Source "ChessBase"]
[SourceDate "1993.10.01"]
[SourceVersion "1"]
[SourceVersionDate "1993.10.01"]
[SourceQuality "1"]

1. d4 {Knaak} Nf6 2. c4 g6 3. Nc3 Bg7 4. e4 d6 5. h3 O-O 6. Bg5 c5 7. d5 e6 8.
Bd3 exd5 9. cxd5 Re8 10. Nge2 (10. Nf3 c4 11. Bxc4 $6 Nxe4 $1 $15) 10... a6 (
10... Na6 $5) 11. a4 Nbd7 12. O-O Rb8 $6 (12... Ne5 13. f4 Nxd3 14. Qxd3 Bd7
$13) 13. Kh1 (13. f4 $2 {Knaak} c4 14. Bc2 (14. Bxc4 Qb6+ 15. Kh1 Nxe4 $17)
14... Qb6+ 15. Kh1 Qxb2 $17) 13... h6 14. Bh4 Ne5 (14... Qc7 15. b3 $1 $16) 15.
f4 (15. Bc2 {Knaak} b5 $132) 15... Nxd3 16. Qxd3 $14 Bd7 (16... Qc7 {Knaak})
17. e5 $1 dxe5 18. fxe5 Rxe5 19. Bg3 Qe8 (19... Bf5 20. Qc4 (20. Qd2 $6 Nd7 $1
$44 (20... Nd7 {Knaak} 21. Bxe5 Nxe5 $13)) 20... b5 21. axb5 axb5 22. Qxc5 Rc8
23. Qxc8 $1 Qxc8 24. Bxe5 b4 25. Nb5 $16) (19... Rg5 $5 $14) 20. Bxe5 Qxe5 21.
Qf3 c4 $6 (21... Rf8 $5 22. Ng3 b5 23. axb5 axb5 $14) 22. Ng3 Qe7 23. Rae1 Qf8
24. a5 $16 Rd8 25. Qf4 $6 (25. Nge4 $1 $16) 25... Bb5 $1 26. Rd1 Ne8 27. Rfe1
Nd6 28. Qf2 Rd7 29. Nce4 Nxe4 $2 (29... Qd8 $1 $44) 30. Nxe4 Qd8 31. d6 Bc6 32.
Qf4 $1 $18 (32. Qd2 {Knaak} Qh4 $13) 32... g5 (32... Qxa5 {Knaak} 33. Nf6+ Bxf6
34. Qxf6 Qd8 35. Qf4 b5 $13) 33. Qf2 h5 (33... Bxe4 {Knaak} 34. Rxe4 Rxd6 35.
Rxd6 Qxd6 36. Rxc4 $16) 34. Qf5 Bxe4 35. Qxe4 Bxb2 (35... Rxd6 $2 {Knaak} 36.
Qe8+ $18) 36. Qxc4 Qf6 (36... Rxd6 37. Rxd6 Qxd6 38. Qc8+ Kg7 39. Qxb7 $18) 37.
Qc8+ Rd8 38. Qxb7 g4 39. Rf1 Qg7 40. Qc7 gxh3 1-0

[Event "Paris Apsap op 103rd"]
[Site "Paris"]
[Date "2008.08.11"]
[Round "8"]
[White "Debray, Christopher"]
[Black "Goldsztejn, Gildas"]
[Result "0-1"]
[WhiteElo "2375"]
[BlackElo "2374"]
[Annotator "Primel,D"]
[PlyCount "96"]
[EventDate "2008.08.06"]
[EventType "swiss"]
[EventRounds "9"]
[EventCountry "FRA"]
[SourceTitle "EXT 2010"]
[Source "ChessBase"]
[SourceDate "2010.11.25"]
[SourceVersion "1"]
[SourceVersionDate "2010.11.25"]
[SourceQuality "1"]

1. d4 Nf6 2. c4 c5 3. d5 e6 4. Nc3 exd5 5. cxd5 d6 6. e4 g6 7. Qa4+ $6 {
C.DEBRAY avait peut-être vu des nouvelles idées lors de l'analyse de sa partie
de la veille contre FAYARD mais objectivement il n'y a aucun avantage blanc}
Nbd7 8. Be2 a6 $146 {[%cal Gb7b5] une bonne amélioration sur la partie de la
6ème ronde} (8... Bg7 $143 {Fayard,A (2276)-Debray,C (2378) 103 ème open FIDE
Club 608 2008 (6.3) 0-1}) 9. Nf3 Bg7 10. Bf4 {[%csl Rd6]} O-O 11. O-O (11. Bxd6
Nb6) 11... b5 $1 $15 {Les blancs n'ont rien obenu dans l'ouverture mais la
majorité des noirs s'est mobilisée en gagnant un tempo important} 12. Qc2 (12.
Nxb5 $2 Nb6 {[%cal Gb6a4,Gb6a8,Ga6b5]}) 12... Qe7 13. Nd2 (13. h3 b4 {[%cal
Gc3e4]}) 13... Ne5 14. h3 Nfd7 15. Bg3 g5 $5 {[%csl Gf4][%cal Ge5g6,Gg6f4] Une
manoeuvre typique du milieu de jeu de Benoni, l'affaiblissement de la case
"f5" est moins important que l'activité des pièces noires qui gagnent le
contrôle de la case "f4"} 16. a4 b4 17. Nd1 {[%cal Gd1e3,Ge3f5]} Ng6 18. Ne3 {
[%cal Ge3f5]} Nde5 19. a5 (19. Ndc4 Nf4 20. Nb6) 19... Nf4 {[%csl Rg3]} 20.
Bxf4 gxf4 21. Nec4 Qg5 {[%csl Rg2][%cal Gf4f3,Gc8h3]} 22. Kh2 Bd7 23. Nf3 (23.
Nb6 Ra7 24. Nxd7) 23... Nxf3+ 24. Bxf3 Bb5 25. Nxd6 $1 Bxf1 26. Rxf1 Be5 27.
Nc4 Bd4 $44 28. Re1 Rfe8 29. Nd6 b3 $1 30. Qd2 Red8 31. Nf5 Qf6 (31... Be5) 32.
Nxd4 Qxd4 33. Qxd4 $6 (33. Qxf4 $5 c4 (33... Qxb2 34. Bh5 Qg7 35. Re3 {[%cal
Ge3g3]}) 34. Re2) 33... cxd4 34. Rd1 Rac8 35. Rxd4 Rc2 {[%csl Rb2]} 36. Rb4
Rxb2 37. Bd1 Rxf2 38. Bxb3 Rd2 39. e5 f3 $17 {[%cal Gd2h2]} 40. Rg4+ Kf8 41. d6
Rxg2+ 42. Rxg2 fxg2 43. Bc4 f6 44. Bxa6 fxe5 45. Bb7 Rxd6 46. a6 Rd1 47. Kxg2
Ra1 48. Kf3 Ra4 0-1

[Event "Bodensee-Cup 8th"]
[Site "Landau"]
[Date "2002.05.04"]
[Round "2"]
[White "Kelecevic, Nedeljko"]
[Black "Prusikin, Michael"]
[Result "0-1"]
[WhiteElo "2411"]
[BlackElo "2519"]
[Annotator "Prusikin,M"]
[PlyCount "58"]
[EventDate "2002.05.03"]
[EventType "team-tourn"]
[EventRounds "3"]
[EventCountry "GER"]
[SourceTitle "EXT 2014"]
[Source "ChessBase"]
[SourceDate "2013.11.20"]
[SourceVersion "1"]
[SourceVersionDate "2013.11.20"]
[SourceQuality "1"]

1. d4 Nf6 2. c4 g6 3. Nc3 Bg7 4. e4 O-O 5. Bd3 d6 6. Nge2 c5 7. d5 e6 8. O-O
exd5 9. cxd5 Re8 10. Ng3 Na6 11. h3 Nc7 12. a4 Rb8 13. Bg5 h6 14. Be3 a6 15.
Qd2 Kh7 16. Rab1 b5 17. axb5 Nxb5 $1 {Es ist wichtig, diesen Springer zu
"entsorgen".} (17... axb5 18. b4 $16 {x Nc7}) 18. Nxb5 axb5 19. b4 c4 20. Bc2
Ra8 $146 {Unglaublich, aber wahr - erst dieser natürliche Zug stellte eine
Neuerung dar!} (20... h5) 21. Bd4 Bd7 22. Ra1 Qe7 23. Qc3 h5 24. f3 $6 {
Eine unnötige Schwächung der schwarzen Felder.} (24. Rfe1 $11) 24... h4 25. Nh1
$6 {Ein ernsthafter Fehler, nichts sprach wirklich gegen 25. Se2:} (25. Ne2 $1
Nxd5 $2 (25... Nh5 26. Bxg7 Nxg7 27. f4 $13) 26. exd5 Rxa1 27. Rxa1 Qxe2 28.
Bxg7 Bxh3 29. gxh3 Re3 {so war es zugegebenermaßen geplant, wir beide
übersahen jedoch} 30. Bd1 $1 Rxc3 31. Bxe2 Kxg7 32. Ra6 $18) 25... Bxh3 $5 {
Schwer, diesen Zug zu beurteilen. Objektiv ist er wohl schlecht, da er bei
bestem Spiel nur zum Unentschieden führt, während meine Engine Schwarz nach
fast jedem ruhigen Zug klar in Vorteil sieht, aber erstens war mir die
Stellungsbewertung nicht ganz so klar und zweitens konnte ich der Versuchung
des schönen Einschlags ganz einfach nicht widerstehen.} 26. gxh3 $2 {Danach
geht mein Plan auf.} (26. Rxa8 $1 Rxa8 27. gxh3 Nxd5 28. exd5 Qg5+ 29. Kf2
Bxd4+ 30. Qxd4 Ra2 {hätte zum Ausgleich geführt, wobei es der Anziehende ist,
der sich trotz seiner zwei Mehrfiguren darum bemühen muss:} 31. Qe4 (31. Qd1
Qf5 32. Kg1 Rxc2 33. Nf2 $11) (31. Qc3 $2 Qf5 32. Rc1 Qf4 $1 $19) 31... Qd2+
32. Kg1 Rxc2 33. Qxh4+ Kg7 34. Nf2 c3 35. Qe4 Rc1 36. Rxc1 Qxc1+ 37. Kg2 c2 38.
Qd4+ Kg8 39. Ng4 $11) 26... Nxd5 $1 $19 27. exd5 Qg5+ 28. Kh2 (28. Kf2 Qf4 $1
$19) 28... Qf4+ 29. Kg2 Bxd4 0-1

[Event "RUS-chT"]
[Site "Sochi"]
[Date "2017.05.05"]
[Round "4.2"]
[White "Najer, Evgeniy"]
[Black "Mamedyarov, Shakhriyar"]
[Result "0-1"]
[WhiteElo "2682"]
[BlackElo "2772"]
[Annotator "Prusikin,M"]
[PlyCount "66"]
[EventDate "2017.05.01"]
[EventType "team-swiss"]
[EventRounds "7"]
[EventCountry "RUS"]
[SourceTitle "EXT 2019"]
[Source "ChessBase"]
[SourceDate "2018.10.10"]
[SourceVersion "1"]
[SourceVersionDate "2018.10.10"]
[SourceQuality "1"]
[WhiteTeam "Moscow Legacy Square"]
[BlackTeam "Novosibirsk Sibiria"]
[WhiteTeamCountry "RUS"]
[BlackTeamCountry "RUS"]

1. d4 Nf6 2. c4 g6 3. f3 {Eine modische Anti-Grünfeld-Variante} c5 4. d5 Bg7
5. e4 d6 6. Nc3 O-O 7. Bg5 h6 8. Be3 e6 9. Qd2 exd5 10. cxd5 Nh7 $5 {Gleich 5
Züge sind laut Datenbank populärer, als dieser Rückzug. Die Idee besteht
offenbar darin, schnelles f7-f5 anzustreben und - nicht weniger schnell - die
Theoriewege zu verlassen.} (10... Re8 11. Nge2) 11. Bd3 {rein optisch gefällt
mir dieser Zug nicht, üblicherweise wird in dieser Variante erst der Springer
g1 entwickelt, und erst dann der Läufer , und zwar nach e2} (11. Bxh6 $4 Qh4+)
(11. Nge2 $5) 11... Nd7 12. Nh3 $146 (12. f4 {1-0 (37) Priehoda,V (2415)
-Muhutdinov,M (2420) Moscow 1990}) 12... Ne5 13. Nf2 f5 14. Be2 (14. Bxh6 $4
Nxd3+ 15. Nxd3 Qh4+ $19) 14... g5 15. exf5 Bxf5 16. h4 $1 {Prinzipiell
gespielt!} (16. O-O) 16... b5 $3 {Ein tolles intuitives und sehr
"königsindisches" Opfer. Die kurze Rochade ist infolge des letzten weißen
Zuges zumindest riskant, die lange nun aber auch nicht mehr sicher.} 17. hxg5
hxg5 18. Nxb5 Rb8 19. Nc3 (19. Nxa7 $4 Rxb2 20. Qxb2 Nxf3+ $19) 19... Qe8 $1
20. Rc1 c4 $5 {Beugt eventuellen Betrugsvorwürfen vor. Nein, Spaß bei Seite,
dieser Zug gefällt der Blechbüchse nicht, aber er erhält die Spannung
aufrecht. Die Aufgaben, die der Anziehende zu lösen hat, bleiben schwierig.
"Wohin mit dem König", z.B.} (20... Rb4 $5 21. a3 Rh4 22. Rxh4 gxh4 $44) (
20... Nf6 $5 21. Bxg5 Nh5 $13) 21. O-O $6 {Gibt eine eindeutige Antwort, aber
das ist wohl die falsche.} (21. Kf1 $5) 21... Qh5 $1 22. g4 $2 {Wieder
prinzipiell, aber für den weißen Monachen zu viel des Guten. Dieser erste
richtige Fehler von Weiß ist bereits der entscheidende.} (22. Bxa7 Rb7 23. Bd4
Bd3 $13) 22... Qh4 23. Kg2 (23. gxf5 Qg3+ 24. Kh1 Rf6 $19) 23... Nxf3 $1 {
Räumung. Der Läufer braucht das feld e5!} (23... Nxg4 24. Nxg4 Bxg4 25. Rh1
$18) 24. Bxf3 Be5 25. Rh1 Qg3+ 26. Kf1 Bd3+ $1 27. Be2 Rxb2 $3 28. Qxb2 Qxe3
29. Bxd3 cxd3 $19 {Der Rauch hat sich verzogen. Weiß hat einen Turm mehr, ist
am Zug - und völlig hilflos!} 30. Rc2 (30. Re1 Qf3 $19) 30... dxc2 31. Qxc2
Rxf2+ 32. Qxf2 Qxc3 33. Kg2 Qc4 {Eine der schönsten Angriffspartien des
Jahres soweit!} 0-1